[Event "Olympiad-39"]
[Site "Khanty-Mansiysk"]
[Date "2010.09.30"]
[Round "9.4"]
[White "Matthews, Shane"]
[Black "Ben Nasser, Khaled"]
[Result "1/2-1/2"]
[WhiteElo "2227"]
[BlackElo "2263"]
[PlyCount "110"]
[EventDate "2010.09.21"]
[EventType "team-swiss"]
[EventRounds "11"]
[EventCountry "RUS"]
[SourceTitle "CBM 139"]
[Source "ChessBase"]
[SourceDate "2010.11.18"]
[SourceVersion "1"]
[SourceVersionDate "2010.11.18"]
[SourceQuality "1"]
[WhiteTeam "Jamaica"]
[BlackTeam "Libya"]
[WhiteTeamCountry "JAM"]
[BlackTeamCountry "LBY"]

1. e4 e5 2. Nf3 Nc6 3. Bb5 a6 4. Ba4 Nf6 5. 0-0 Nxe4 6. d4 b5 7. Bb3 d5 8. dxe5 Be6 9. c3 Be7 10. Nbd2 Nc5 11. Bc2 d4 12. Ne4 d3 13. Nxc5 dxc2 14. Qxd8+ Rxd8 15. Nxe6 fxe6 16. Be3 Rd5 17. Rfc1 Nxe5 18. Nxe5 Rxe5 19. Bd4 Rg5 20. Rxc2 Kf7 21. a4 Rd8 22. axb5 axb5 23. g3 Rgd5 24. Ra7 R8d7 25. Kg2 c5 26. Rxd7 Rxd7 27. Be3 Rd1 28. Kf3 c4 29. Ke4 Bf6 30. Rc1 Rxc1 31. Bxc1 Ke7 32. Bf4 Kf7 33. Bd6 g6 34. f3 Bg7 35. Kf4 Bf6 36. Ke4 Bg7 37. g4 Bf6 38. f4 Bd8 39. Ke5 Bf6+ 40. Ke4 Bd8 41. h3 Bf6 42. Bc5 Bg7 43. Bd4 Bf8 44. Ke5 Bg7+ 45. Ke4 Bf8 46. Be3 Bg7 47. Bc5 Bf6 48. Bf2 Bd8 49. Bd4 Be7 50. f5 gxf5+ 51. gxf5 Bd6 52. Be5 Bc5 53. Kf4 Be7 54. Bc7 Kf6 55. Be5+ Kf7 1/2-1/2

[Event "Olympiad-39"]
[Site "Khanty-Mansiysk"]
[Date "2010.09.28"]
[Round "7.4"]
[White "Ben Nasser, Khaled"]
[Black "Bibasa, Bob Gilbert"]
[Result "1/2-1/2"]
[WhiteElo "2263"]
[BlackElo "2189"]
[PlyCount "64"]
[EventDate "2010.09.21"]
[EventType "team-swiss"]
[EventRounds "11"]
[EventCountry "RUS"]
[SourceTitle "CBM 139"]
[Source "ChessBase"]
[SourceDate "2010.11.18"]
[SourceVersion "1"]
[SourceVersionDate "2010.11.18"]
[SourceQuality "1"]
[WhiteTeam "Libya"]
[BlackTeam "Uganda"]
[WhiteTeamCountry "LBY"]
[BlackTeamCountry "UGA"]

1. Nf3 f5 2. e4 fxe4 3. Ng5 Nf6 4. d3 h6 5. Nxe4 e5 6. Be2 Kf7 7. 0-0 d5 8. Nxf6 Qxf6 9. f4 Bc5+ 10. Kh1 Kg8 11. Nc3 c6 12. fxe5 Qxe5 13. Bf4 Qe7 14. Bh5 Nd7 15. d4 Bb4 16. Qd3 Nf6 17. Rae1 Be6 18. Bg6 Qd7 19. Be5 Rf8 20. Qg3 Ng4 21. Rxf8+ Bxf8 22. Bb8 h5 23. h3 Nf6 24. Qe5 Rh6 25. Bd3 Ne8 26. Ne2 Bd6 27. Bxd6 Qxd6 28. Qg5 Bf7 29. Ng3 Qf6 30. Qxf6 Rxf6 31. Re7 Nd6 32. Kg1 Kf8 1/2-1/2

[Event "Amman tt"]
[Site "Amman"]
[Date "2008.06.28"]
[Round "8"]
[White "Ben Nasser, Khaled"]
[Black "Adnan, Habib Hana"]
[Result "0-1"]
[WhiteElo "2288"]
[BlackElo "2243"]
[PlyCount "72"]
[EventDate "2008.06.21"]
[EventType "team"]
[EventRounds "8"]
[EventCountry "JOR"]
[SourceTitle "CBM 125 Extra"]
[Source "ChessBase"]
[SourceDate "2008.09.01"]
[SourceVersion "1"]
[SourceVersionDate "2008.09.01"]
[SourceQuality "1"]

1. d4 Nf6 2. Nf3 c5 3. d5 d6 4. c4 g6 5. Nc3 Bg7 6. e4 Bg4 7. Be2 Na6 8. 0-0 0-0 9. h3 Bxf3 10. Bxf3 Nd7 11. Be2 Nc7 12. Be3 a6 13. a4 Rb8 14. Qc2 e5 15. dxe6 Nxe6 16. Rad1 Nd4 17. Bxd4 cxd4 18. Nb1 Qb6 19. Bd3 Nc5 20. Nd2 Qb4 21. Ra1 Rfc8 22. a5 b6 23. axb6 Rxb6 24. Ra2 a5 25. f4 Bh6 26. Rf3 a4 27. Kh2 Nb3 28. Nf1 Rbc6 29. f5 Rxc4 30. Bxc4 Rxc4 31. Qf2 Qb7 32. Qh4 Bf8 33. fxg6 hxg6 34. Qg4 Bg7 35. h4 Be5+ 36. Kh3 d3 0-1

[Event "Amman tt"]
[Site "Amman"]
[Date "2008.06.27"]
[Round "7"]
[White "Mahdia, Farage"]
[Black "Ben Nasser, Khaled"]
[Result "0-1"]
[WhiteElo "2154"]
[BlackElo "2288"]
[PlyCount "52"]
[EventDate "2008.06.21"]
[EventType "team"]
[EventRounds "8"]
[EventCountry "JOR"]
[SourceTitle "CBM 125 Extra"]
[Source "ChessBase"]
[SourceDate "2008.09.01"]
[SourceVersion "1"]
[SourceVersionDate "2008.09.01"]
[SourceQuality "1"]

1. e4 e5 2. Nf3 Nc6 3. Bc4 Bc5 4. b4 Bxb4 5. c3 Ba5 6. d4 exd4 7. 0-0 Nge7 8. cxd4 d5 9. exd5 Nxd5 10. Qb3 Be6 11. Ba3 Bb4 12. Bxb4 Ncxb4 13. a3 Nc6 14. Nc3 Nxc3 15. Qxc3 Bxc4 16. Qxc4 0-0 17. Rab1 Qd6 18. Rxb7 Na5 19. Qxc7 Nxb7 20. Qxb7 Qxa3 21. h3 a5 22. Qe4 h6 23. g4 Qd6 24. h4 a4 25. Rc1 a3 26. g5 a2 0-1

[Event "Amman tt"]
[Site "Amman"]
[Date "2008.06.23"]
[Round "4"]
[White "Ben Nasser, Khaled"]
[Black "Sallam, Sabri Abdul Mawla"]
[Result "1/2-1/2"]
[WhiteElo "2288"]
[BlackElo "2168"]
[PlyCount "48"]
[EventDate "2008.06.21"]
[EventType "team"]
[EventRounds "8"]
[EventCountry "JOR"]
[SourceTitle "CBM 125 Extra"]
[Source "ChessBase"]
[SourceDate "2008.09.01"]
[SourceVersion "1"]
[SourceVersionDate "2008.09.01"]
[SourceQuality "1"]

1. d4 Nf6 2. Nf3 d5 3. g3 c6 4. Bg2 g6 5. 0-0 Bg7 6. c4 0-0 7. Nc3 dxc4 8. e4 b5 9. Ne5 Bb7 10. d5 b4 11. Na4 Qc7 12. d6 exd6 13. Nxc4 Ba6 14. Qc2 d5 15. Bf4 Qd8 16. exd5 cxd5 17. Rfd1 Bxc4 18. Qxc4 dxc4 19. Rxd8 Rxd8 20. Bxa8 Nbd7 21. Bb7 Nb6 22. Nxb6 axb6 23. Rc1 Nh5 24. Bc7 Bxb2 1/2-1/2

[Event "Mediterranean-ch 5th"]
[Site "Sousse"]
[Date "2007.??.??"]
[Round "8"]
[White "Ben Nasser, Khaled"]
[Black "Hernando Rodrigo, Jose Maria"]
[Result "0-1"]
[WhiteElo "2270"]
[BlackElo "2359"]
[PlyCount "34"]
[EventDate "2007.11.27"]
[EventType "swiss"]
[EventRounds "9"]
[EventCountry "TUN"]
[SourceTitle "CBM 121 Extra"]
[Source "ChessBase"]
[SourceDate "2008.01.10"]
[SourceVersion "1"]
[SourceVersionDate "2008.01.10"]
[SourceQuality "1"]

1. d4 Nf6 2. Nf3 e6 3. c4 Bb4+ 4. Bd2 a5 5. a3 Bxd2+ 6. Nbxd2 d5 7. e3 a4 8. Bd3 0-0 9. 0-0 c5 10. Rc1 cxd4 11. exd4 b6 12. Qe2 Bb7 13. Rfd1 Nc6 14. cxd5 Qxd5 15. Ne4 Na5 16. Nxf6+ gxf6 17. Qe4 Qxe4 0-1

[Event "Africa-ch"]
[Site "Abuja"]
[Date "2003.10.13"]
[Round "4"]
[White "Ben Nasser, Khaled"]
[Black "Bouah, Lyndon"]
[Result "0-1"]
[WhiteElo "2282"]
[BlackElo "2175"]
[PlyCount "103"]
[EventDate "2003.10.10"]
[EventType "swiss"]
[EventRounds "9"]
[EventCountry "NGR"]
[SourceTitle "CBM 096 Extra"]
[Source "ChessBase"]
[SourceDate "2003.10.22"]
[SourceVersion "2"]
[SourceVersionDate "2003.10.20"]
[SourceQuality "1"]

1. d4 Nf6 2. Nf3 g6 3. c4 Bg7 4. g3 0-0 5. Bg2 d6 6. 0-0 Nbd7 7. Nc3 e5 8. e4 Re8 9. h3 exd4 10. Nxd4 Nc5 11. Re1 a5 12. Nb3 Nfd7 13. Be3 Bxc3 14. bxc3 Qe7 15. Bh6 Nb6 16. Qd4 Ne6 17. Qd3 Nc5 18. Nxc5 dxc5 19. e5 Bf5 20. Qe2 c6 21. Bf1 Rad8 22. Rad1 Rxd1 23. Qxd1 Qd7 24. Qf3 Qe7 25. g4 Bc8 26. Qf4 Nd7 27. Bg5 Qf8 28. Re3 Re6 29. Bf6 h6 30. h4 Nxf6 31. exf6 Rxe3 32. fxe3 Be6 33. Be2 Qd8 34. e4 Kh7 35. e5 b5 36. cxb5 cxb5 37. h5 b4 38. hxg6+ fxg6 39. Qe3 Qd5 40. c4 Qd4 41. Kf2 a4 42. Qxd4 cxd4 43. Bd1 b3 44. Bxb3 axb3 45. axb3 h5 46. c5 Bxb3 47. Kf3 Bd5+ 48. Kf4 Kg8 49. gxh5 gxh5 50. e6 Bxe6 51. Ke5 Kf7 52. Ke4 0-1

[Event "Africa-ch"]
[Site "Cairo"]
[Date "2001.09.21"]
[Round "6"]
[White "Bouaziz, Slim"]
[Black "Ben Nasser, Khaled"]
[Result "1/2-1/2"]
[WhiteElo "2379"]
[BlackElo "2234"]
[PlyCount "69"]
[EventDate "2001.09.16"]
[EventType "swiss"]
[EventRounds "9"]
[EventCountry "EGY"]
[SourceTitle "CBM 084 Extra"]
[Source "ChessBase"]
[SourceDate "2001.10.26"]
[SourceVersion "1"]
[SourceVersionDate "2001.10.26"]
[SourceQuality "1"]

1. e4 e5 2. Nf3 Nc6 3. Bb5 a6 4. Ba4 Nf6 5. Qe2 b5 6. Bb3 Bc5 7. d3 Bb7 8. c3 d6 9. Nbd2 0-0 10. Bc2 d5 11. Nb3 Bb6 12. Bg5 Qe7 13. Nh4 Qe6 14. h3 Rad8 15. a4 b4 16. a5 Ba7 17. Nd2 h6 18. Be3 Bxe3 19. Qxe3 dxe4 20. dxe4 bxc3 21. bxc3 Ne7 22. 0-0 Nh5 23. Rfb1 Bc8 24. Nf5 Nf4 25. Kh2 Qf6 26. g3 Nfg6 27. Nxe7+ Nxe7 28. Bb3 Ng6 29. Nf3 Qe7 30. h4 Qf6 31. Bc4 Kh7 32. Kg2 Rfe8 33. Rb2 Rd6 34. Be2 Red8 35. Nh2 1/2-1/2

[Event "Africa-ch"]
[Site "Cairo"]
[Date "2001.09.18"]
[Round "3"]
[White "Domingos, Catarino"]
[Black "Ben Nasser, Khaled"]
[Result "1/2-1/2"]
[WhiteElo "2200"]
[BlackElo "2234"]
[PlyCount "124"]
[EventDate "2001.09.16"]
[EventType "swiss"]
[EventRounds "9"]
[EventCountry "EGY"]
[SourceTitle "CBM 084 Extra"]
[Source "ChessBase"]
[SourceDate "2001.10.26"]
[SourceVersion "1"]
[SourceVersionDate "2001.10.26"]
[SourceQuality "1"]

1. e4 e5 2. Nf3 Nc6 3. d4 exd4 4. Nxd4 Nf6 5. Nxc6 bxc6 6. e5 Qe7 7. Qe2 Nd5 8. c4 Nb6 9. Nc3 Bb7 10. a4 a5 11. Qe4 Qe6 12. Bd3 Bb4 13. Bd2 0-0-0 14. 0-0 c5 15. Qe2 Rde8 16. f4 f6 17. Rac1 fxe5 18. fxe5 Rhf8 19. Rxf8 Rxf8 20. b3 g6 21. Be4 Kb8 22. Bxb7 Kxb7 23. Na2 Re8 24. Nxb4 axb4 25. Qf2 Qe7 26. Qf3+ c6 27. h3 Na8 28. Qg3 Nc7 29. Bg5 Qe6 30. Rd1 Qf5 31. Bf6 Kc8 32. Rf1 Qe4 33. Rf4 Qc2 34. Rf2 Qd1+ 35. Rf1 Qd4+ 36. Kh1 Ne6 37. Qf3 Qd2 38. Rd1 Qf4 39. Qxf4 Nxf4 40. Kg1 Ne2+ 41. Kf2 Nd4 42. Rd3 Re6 43. Bg7 Nf5 44. Bh8 Nd4 45. g4 Re8 46. Bf6 Re6 47. Bg7 Re7 48. Bf6 Re6 49. Bh8 Re8 50. Bf6 Re6 51. g5 Nf5 52. Rf3 Kc7 53. Rf4 Re8 54. Re4 Re6 55. Rf4 Re8 56. Rg4 Nd4 57. h4 Nf5 58. h5 d5 59. exd6+ Nxd6 60. hxg6 hxg6 61. Rf4 Re4 62. Kf3 Re6 1/2-1/2

[Event "Arab-ch"]
[Site "Tunis"]
[Date "2001.??.??"]
[Round "7"]
[White "Ben Nasser, Khaled"]
[Black "Hakki, Imad"]
[Result "0-1"]
[WhiteElo "2234"]
[BlackElo "2428"]
[PlyCount "58"]
[EventDate "2001.10.??"]
[EventType "swiss"]
[EventRounds "9"]
[EventCountry "TUN"]
[SourceTitle "CBM 085 Extra"]
[Source "ChessBase"]
[SourceDate "2002.01.21"]
[SourceVersion "1"]
[SourceVersionDate "2002.01.21"]
[SourceQuality "1"]

1. Nf3 Nf6 2. d4 g6 3. g3 Bg7 4. Bg2 0-0 5. 0-0 d6 6. c4 Nc6 7. Nc3 Bf5 8. d5 Na5 9. Nd4 Bd7 10. Qd3 Ng4 11. f4 c6 12. h3 Qb6 13. Rd1 Ne5 14. fxe5 dxe5 15. b4 Qxb4 16. Nc2 Qxc4 17. Qxc4 Nxc4 18. Ne3 e4 19. Nxc4 Bxc3 20. Bb2 Bxb2 21. Nxb2 cxd5 22. Rxd5 Bc6 23. Rd4 e5 24. Rd6 f5 25. e3 Rad8 26. Rad1 Rxd6 27. Rxd6 Kf7 28. Kf2 Ke7 29. Rd2 b5 0-1